| 000 | 00655nam a22002417a 4500 | ||
|---|---|---|---|
| 003 | OSt | ||
| 005 | 20240606020931.0 | ||
| 006 | a | ||
| 008 | 240606b |||||||| |||| 00| 0 eng d | ||
| 020 | _a0751537063 | ||
| 040 |
_aDWCL-Main lib. _cOC |
||
| 082 | _aCirc. 813.6 C238t 2004 | ||
| 100 | _aCapella, Anthony | ||
| 245 | _aThe food of love / | ||
| 260 |
_aLondon : _b Time Warner Books, _cc2004. |
||
| 300 |
_b309 pages ; _c17 cm. |
||
| 650 | _a1. Americans–Italy–Fiction. | ||
| 650 | _a2. Cooking–Fiction. | ||
| 650 | _a3. Cooks–Fiction. | ||
| 650 | _a 4. Italy–Fiction. | ||
| 700 | _aAnthony Capella | ||
| 942 |
_2ddc _n0 _cBK-CIRC _kCirc. |
||
| 999 |
_c238 _d238 |
||